|
|
|
|
| LEADER |
00000nab a2200000 a 4500 |
| 001 |
vtls000251566 |
| 003 |
SK-MaSNL |
| 005 |
20260305000742.0 |
| 008 |
250422c1985 xo 0 slo |
| 015 |
|
|
|a SNBRB19rr/mm-uuuuu
|
| 035 |
|
|
|a CL0261680
|
| 035 |
|
|
|a urn:nbn:sk:snk-ab2gac
|
| 035 |
|
|
|a (urnnbn)urn:nbn:sk:snk:ar-a02dyz
|
| 035 |
|
|
|a (uuid)c2cbf5da-924a-4dc0-a270-d305839fc167
|
| 040 |
|
|
|a SNKBUCL
|b slo
|c SNKBUCL
|e AACR2
|
| 041 |
0 |
|
|a slo
|
| 044 |
|
|
|a xo
|c SK
|
| 080 |
|
|
|a 330.322.54
|2 1981
|
| 100 |
1 |
|
|a Stejskal, Vladimír
|4 aut
|9 261460
|
| 245 |
1 |
0 |
|a Poznámky k platnej metodike hodnotenia efektívnosti investícií
|c Vladimír Stejskal
|
| 300 |
|
|
|b Res. rus., angl., nem.
|
| 650 |
0 |
7 |
|a investície
|2 snkbucl
|9 2292
|
| 650 |
0 |
7 |
|a efektívnosť
|2 snkbucl
|9 279683
|
| 655 |
|
7 |
|a články z novín a časopisov
|2 snkbucl
|9 267496
|
| 773 |
0 |
|
|t Ekonomické rozhľady
|g Roč. 18, č. 1 (1985), s. 118-129
|
| 850 |
|
|
|a Slovenská národná knižnica
|
| 852 |
|
|
|a Slovenská národná knižnica
|
| 954 |
|
|
|a odborná, vedecká literatúra pôvodná (slovenská)
|2 lita
|
| 958 |
|
|
|a article27
|
| 958 |
|
|
|a RK
|
| 958 |
|
|
|a OND
|
| 958 |
|
|
|a EUIPO
|
| 992 |
|
|
|a RBX
|
| 999 |
|
|
|c 3215413
|d 3217343
|